Rozhodování v krizi

Hlavní autor: Kantor, Petr, 1979-
Jazyk: Čeština
Vydáno: Ostrava : Universitas Ostraviensis, [2009]
Témata:
Fyzický popis: 2 CD-ROMY : barev. ; 12 cm
Elektronické zdroje
Uloženo v:
LEADER 01669nmm a2200373 a 4500
001 000952190
003 CZ BrMZK
005 20090907135556.0
008 090702s2009 xr e d |||||||cze d
020 |a 978-80-7368-543-0  |q (CDR) 
040 |a BOA001  |b cze 
072 7 |a 005  |x Management. Řízení  |2 Konspekt  |9 4 
072 7 |a 37.016  |x Učební osnovy. Vyučovací předměty. Učebnice  |2 Konspekt  |9 22 
080 |a 005.931  |2 MRF 
080 |a 364.6-022.258  |2 MRF 
080 |a 005.311.6  |2 MRF 
080 |a (07)  |2 MRF 
080 |a (0.034.44)  |2 MRF 
100 1 |a Kantor, Petr,  |d 1979-  |7 mzk2008458870 
245 0 0 |a Rozhodování v krizi  |h [elektronický zdroj] /  |c Petr Kantor 
246 3 0 |a Nová role učitele - budoucnost učitelů ve světě práce v Moravskoslezském kraji 
256 |a Data (1,45 ; 5,88 MB) 
260 |a Ostrava :  |b Universitas Ostraviensis,  |c [2009] 
300 |a 2 CD-ROMY :  |b barev. ;  |c 12 cm 
500 |a Projekt Operačního programu Rozvoje lidských zdrojů, opatření 3.3.2 Podpora terciálního vzdělávání, výzkumu a vývoje. Číslo projektu: CZ.04.1.03/3.2.15.2. Učební text byl vypracován s finanční podporou Evropského sociálního fondu a státního rozpočtu České republiky. 
650 0 7 |a krizový management  |7 ph121964  |2 czenas 
650 0 7 |a krizové situace  |7 ph121963  |2 czenas 
650 0 7 |a rozhodování  |7 ph125259  |2 czenas 
655 7 |a učební texty  |7 fd133599  |2 czenas 
655 7 |a CD-ROM  |7 fd133955  |2 czenas 
910 2 |a BOA001  |b CDR2-1225.871 
990 |a CF 
991 |b 200909  |c NOV 
996 6 |b 2610383317  |c CDR2-1225.871  |l Stud. periodik/2.patro  |r Sklad / do 1 hodiny  |n 1  |p p.v.  |w 001085228  |u 000010  |a 1  |e BOA001  |j MZK50  |s P